000 00401 a2200157 4500
005 20250616140623.0
020 _a978070062030
082 _a658 KOO
100 _aKOONTZ, H.
245 _aEssentials of Management: An International perspective
250 _a7th Ed,
260 _aLondon,
_bMc Graw Hill,
_c2007.
300 _axv.475p.ill.;
_bIndex.
_c23cm
700 _aWEIHRICH, H.
942 _2ddc
_cBKS
999 _c4152
_d4152